Online
Catalog

La caña da para todo : (Record no. 58248)

MARC details
000 -CABECERA
campo de control de longitud fija 02184nam a2200397 i 4500
003 - IDENTIFICADOR DEL NÚMERO DE CONTROL
campo de control DO-SdBNP
005 - FECHA Y HORA DE LA ÚLTIMA TRANSACCIÓN
campo de control 20260415135720.0
007 - CAMPO FIJO DE DESCRIPCIÓN FÍSICA--INFORMACIÓN GENERAL
campo de control de longitud fija ta
008 - DATOS DE LONGITUD FIJA--INFORMACIÓN GENERAL
campo de control de longitud fija 250430b2011 dr a|||| |||| 00| 0 spa d
020 ## - NÚMERO INTERNACIONAL ESTÁNDAR DEL LIBRO
Número Internacional Estándar del Libro 9789945629392
040 ## - FUENTE DE LA CATALOGACIÓN
Centro catalogador/agencia de origen DO-SdBNP
Lengua de catalogación spa
Centro/agencia transcriptor BNPHU
Normas de descripción rda
041 ## - CÓDIGO DE LENGUA
Código de lengua del texto/banda sonora o título independiente spa
082 #4 - NÚMERO DE LA CLASIFICACIÓN DECIMAL DEWEY
Número de clasificación 338.17361
Número de documento/Ítem M385c, 2024
Número de edición 22
100 1# - ENTRADA PRINCIPAL--NOMBRE DE PERSONA
Nombre de persona Martínez Moya, Arturo,
Fechas asociadas al nombre 1949-
Término indicativo de función/relación autor
Código de función/relación aut.
9 (RLIN) 73407
245 13 - MENCIÓN DE TÍTULO
Título La caña da para todo :
Resto del título estudio histórico cuantitativo del desarrollo azucarero dominicano (1500-1930) /
Mención de responsabilidad, etc. Arturo Martínez Moya ; prólogo de José Antonio Piqueras.
250 ## - MENCIÓN DE EDICIÓN
Mención de edición Edición facsimilar
264 #4 - PRODUCCIÓN, PUBLICACIÓN, DISTRIBUCIÓN, FABRICACIÓN Y COPYRIGHT
Producción, publicación, distribución, fabricación y copyright Santo Domingo :
Nombre del de productor, editor, distribuidor, fabricante Banco Central de la República Dominicana,
Fecha de producción, publicación, distribución, fabricación o copyright ©2024
300 ## - DESCRIPCIÓN FÍSICA
Extensión 774 páginas :
Otras características físicas ilustraciones, cuadros, gráficos ;
Dimensiones 23 cm.
336 ## - TIPO DE CONTENIDO
Término de tipo de contenido texto
Código de tipo de contenido txt
Fuente rdacontent
337 ## - TIPO DE MEDIO
Nombre/término del tipo de medio sin mediación
Código del tipo de medio n
Fuente rdamedia
338 ## - TIPO DE SOPORTE
Nombre/término del tipo de soporte volumen
Código del tipo de soporte nc
Fuente rdacarrier
490 0# - MENCIÓN DE SERIE
Mención de serie Archivo General de la Nacion ;
Designación de volumen o secuencia 137
490 0# - MENCIÓN DE SERIE
Mención de serie Colección Banco Central de la República Dominicana ;
Designación de volumen o secuencia 311
490 0# - MENCIÓN DE SERIE
Mención de serie Serie ciencias sociales ;
Designación de volumen o secuencia 47
500 ## - NOTA GENERAL
Nota general Incluye referencias bibliográficas y notas al pie de las páginas
504 ## - NOTA DE BIBLIOGRAFÍA, ETC.
Nota de bibliografía, etc. Bibliografía: páginas 647-666
505 ## - NOTA DE CONTENIDO CON FORMATO
Nota de contenido con formato Introducción -- Economía del trapiche y de la industria: desde su origen hasta 1800 -- Del trapiche al central: de 1800 a 1899 -- Del ingenio al central azucarero: de 1900 a 1930 -- Materia prima y transporte -- Mercado de trabajo -- La acumulación de capital -- Modelo de crecimiento de la industria -- Planteamientos finales: La caña da para todo.
534 ## - NOTA SOBRE LA VERSIÓN ORIGINAL
Frase introductoria Reproducción facsímil de la edición de
Publicación, distribución, etc. del original Santo Domingo: Archivo General de la Nación, 2011
650 #7 - PUNTO DE ACCESO ADICIONAL DE MATERIA--TÉRMINO DE MATERIA
Término de materia o nombre geográfico como elemento de entrada Industria azucarera
Subdivisión geográfica República Dominicana
Subdivisión general Historia
Subdivisión cronológica 1500-1930
Fuente del encabezamiento o término LIBRUNAM
9 (RLIN) 202
650 #7 - PUNTO DE ACCESO ADICIONAL DE MATERIA--TÉRMINO DE MATERIA
Término de materia o nombre geográfico como elemento de entrada Caña de azucar
Subdivisión general Cultivo
Subdivisión geográfica República Dominicana
Subdivisión general Historia
Subdivisión cronológica 1500-1930
Fuente del encabezamiento o término LIBRUNAM
9 (RLIN) 89317
650 #7 - PUNTO DE ACCESO ADICIONAL DE MATERIA--TÉRMINO DE MATERIA
Término de materia o nombre geográfico como elemento de entrada Política industrial
Subdivisión geográfica República Dominicana
Subdivisión general Historia
Subdivisión cronológica 1500-1930
9 (RLIN) 89318
700 1# - PUNTO DE ACCESO ADICIONAL--NOMBRE DE PERSONA
Nombre de persona Piqueras Arenas, José A.
Fechas asociadas al nombre 1955-
Término indicativo de función/relación prologuista
Código de función/relación pr.
Forma completa/desarrollada del nombre José Antonio
9 (RLIN) 87605
710 2# - PUNTO DE ACCESO ADICIONAL--NOMBRE DE ENTIDAD CORPORATIVA
Nombre de entidad corporativa o nombre de jurisdicción como elemento de entrada Archivo General de la Nación
9 (RLIN) 87606
910 ## - DATOS DE OPCIÓN DEL USUARIO (OCLC)
Datos de opción del usuario Validado. Control de calidad MFF
942 ## - ELEMENTOS DE PUNTO DE ACCESO ADICIONAL (KOHA)
Fuente del sistema de clasificación o colocación Dewey Decimal Classification
Tipo de ítem Koha Libro
Holdings
Estado de retiro Estado de pérdida Fuente del sistema de clasificación o colocación Restricciones de uso No para préstamo Código de colección Localización permanente Ubicación/localización actual Ubicación en estantería Fecha de adquisición Fuente de adquisición Total de préstamos Signatura topográfica completa Código de barras Fecha visto por última vez Precio válido a partir de Tipo de ítem Koha Número de copia
    Dewey Decimal Classification Excluido de préstamo   Patrimonio Dominicano Biblioteca Nacional Pedro Henríquez Ureña Biblioteca Nacional Pedro Henríquez Ureña Depósito 17.12.2024 Depósito Legal   BNPHU PD 338.17361 M385c 2024 2025-1298 26.02.2025 26.02.2025 Libro  
    Dewey Decimal Classification Excluido de préstamo   Patrimonio Dominicano Biblioteca Nacional Pedro Henríquez Ureña Biblioteca Nacional Pedro Henríquez Ureña Depósito 17.12.2024 Depósito Legal   BNPHU PD 338.17361 M385c 2024 2025-1299 26.02.2025 26.02.2025 Libro e.2
    Dewey Decimal Classification Préstamo en sala   Dominicana de Servicio Biblioteca Nacional Pedro Henríquez Ureña Biblioteca Nacional Pedro Henríquez Ureña Depósito 17.12.2024 Depósito Legal   BNPHU DS 338.17361 M385c 2024 2025-1300 26.02.2025 26.02.2025 Libro e.3

Powered by Koha